Guess the 1970s song lyrics #223 - Statistics

General Stats
  • This quiz has been taken 12 times
  • The average score is 107 of 224
Answer Stats
Answer % Correct
a
90%
I
90%
on
90%
you
90%
the
80%
he
70%
is
70%
love
70%
Love
70%
of
70%
Your
70%
your
70%
All
60%
be
60%
for
60%
like
60%
Like
60%
me
60%
Ooh
60%
ooh
60%
there
60%
to
60%
want
60%
what
60%
baby
50%
down
50%
girl
50%
go
50%
got
50%
I'm
50%
I've
50%
Say
50%
say
50%
will
50%
coaster
40%
gonna
40%
in
40%
Roller
40%
roller
40%
with
40%
come
30%
Let
30%
man
30%
really
30%
ride
30%
right
30%
Right
30%
cause
20%
Let's
20%
let's
20%
loving
20%
Loving
20%
over
20%
big
10%
bow
10%
child
10%
fast
10%
free
10%
Huh
10%
huh
10%
ow
10%
wish
10%
wow
10%
Alright
0%
ass
0%
dad
0%
dip
0%
dipper
0%
dipple
0%
double
0%
fair
0%
fairground
0%
licorice
0%
merry
0%
Move
0%
round
0%
slow
0%
ticket
0%
twist
0%
Upside
0%
wahoo
0%
whip
0%
wild
0%
world
0%
No matching quizzes found
Score Distribution
Percent of People with Each Score
Percentile by Number Answered
Your Score History
You have not taken this quiz